000 00357nam a22001337a 4500
999 _c27666
_d27666
008 250220b ||||| |||| 00| 0 eng d
082 0 0 _a843.912
_bS2514
100 _95773
_aSartre, Jean-Paul
245 1 0 _aThe Age of reason
_cJean-Paul Sartre
260 _aLondon :
_bHamish Hamilton,
_c1961.
300 _a360 p.
650 0 _aFrench literature
942 _cBK